Handbook of Tribology : Materials, Coatings, and Surface Treaments

Salvato in:
Dettagli Bibliografici
Autori principali: Bhushan, Bharat (Autore), Gupta, B.K (Autore)
Natura: Libro
Lingua:inglese
Pubblicazione: Malabar : Krieger Publishing Company, 1997
Soggetti:
Tags: Aggiungi Tag
Nessun Tag, puoi essere il primo ad aggiungerne!!

MARC

LEADER 00000nam a22000003a 4500
001 stu89503
005 20150617225628.3
008 040806s1997----xxu-----------------eng-d
020 |a 1-57524-050-5 
040 |a STU  |b slo 
041 0 |a eng 
044 |a xxu 
080 |a 621.891 
100 1 |a Bhushan, Bharat  |4 aut 
245 1 |a Handbook of Tribology :  |b Materials, Coatings, and Surface Treaments 
260 |a Malabar :  |b Krieger Publishing Company,  |c 1997 
650 7 |a tribológia  |2 stusub 
700 1 |a Gupta, B.K  |4 aut 
996 |b 284M060147  |c M*11467-1  |l MMKN  |s A  |a 24  |w stu89503_0001